Las posibilidades de los futuros de la educación /

Guardado en:
Autor Principal: Marien, Michael
Formato: Libro
Publicado: Buenos Aires : Guadalupe, 1977
Series:Pedag: prob. de la educ.,41
Materias:
Etiquetas: Agregar Etiqueta
Sin Etiquetas, Sea el primero en etiquetar este registro!
LEADER 01920nam a22001935a 4500
001 CEM.cems006950
005 20060214000000.0
008 130507s1977##################000#0#####d
003 CEMS
082 0 4 |a 370.78 
100 1 |a Marien, Michael 
245 1 0 |a Las posibilidades de los futuros de la educación / 
260 |a Buenos Aires :  |b Guadalupe,  |c 1977 
300 |a 155 p. 
490 0 |a Pedag: prob. de la educ.,41 
505 0 |a Las posibilidades de los futuros de la educaci¢n; Warren Ziegler.- Estado en que se encuentran las investigaciónes sobre el futuro de la educaci¢n en EUA en 1972; Haron Shane.- Futuro sociales de largo alcance; Willis Harman.- Consideraciónes te¢ricas acerca del m'todo de predicci¢n DELFOS; Thimoty Weaver.- Empleos de computadoras en la investigaci¢n sobre los futuros de la educaci¢n; Michael Folk.- Influencia de las limitaciónes del lenguaje en nuestras concepciónes del futuro. Experiencias realizadas con problemas de orden legal; Stuar Sandow.- Preocupaciónes comunes a futuristas y planificadores. Cambios en la manera de concebir la planificaci¢n educativaen el  mbito de la OCDE; Maureen Webster.- ¨Es factible que el gobierno federal adopte la perspectiva del futuro?; Hendrik Gideonse.- Planificaci¢n estatal comprensiva: Promesa y realidad; Edgard Morphet.- Remodelaci¢n del distrito escolaren el estado de Nueva York; Norman Kurland.- ¨Como se orienta Hawaii hacia el futuro. Distintos modos de educaci¢n de adultos; James Dator.- Futuralizaci¢n m£ltiple. Experiencia realizada por la Universidad de Minnesota; Arthur Harkins.- Problemas y perspectivas de la futur¡stica en el  mbito de la educaci¢n; Billy Rojas,.- El futuro como tema de estudio escolar; James Oswald.- ¨Como integrar la futur¡stica al mundo acad'mico; Michael Marien 
653 |a Educacion 
653 |a Educacion y futuro 
859 |a CEMS  |b BIB. CEMS - 11 de abril  |h 370.78  |i M338  |p 14252.86  |t Ej.1